| 000 | 02122cam a22004334i 4500 | ||
|---|---|---|---|
| 003 | PE-LiUPU | ||
| 005 | 20250731173132.0 | ||
| 008 | 150623s r 000 0 d | ||
| 035 | _a(Sirsi) a26653 | ||
| 040 |
_aPE-LiUPU _bspa _cPE-LiUPU _erda |
||
| 082 | 0 | 4 |
_a286.732 _bI35S _221 |
| 111 | 2 |
_aSimposio Internacional de Ministerio Juvenil Salvación y servicio "Compartiendo a Jesús" _n3º. _d2001 _cMontemorelos, México |
|
| 245 | 1 | 0 |
_aIII Simposium internacional de ministerio juvenil 2001, salvación y servicio, compartiendo a Jesús / _cMinisterio Juvenil (México). |
| 264 | 1 |
_aMéxico, DF : _b[s. e.], _c2001. |
|
| 300 |
_a167 páginas : _bilustraciones, gráficos ; _c27 cm. |
||
| 336 |
_atext _2rdacontent |
||
| 337 |
_aunmediated _2rdamedia |
||
| 338 |
_avolume _2rdacarrier |
||
| 500 | _aCelebrado del 17 a 20 de mayo del 2001. | ||
| 505 | 0 | _aJustificación y saludo. Mensaje del rector. Objetivos. Horario. Directiva. Corito tema. Ideas creativas para evangelismo juvenil. Quién los cuidará. La música en el evangelismo. Objetivos y metas en el ministerio juvenil. Cuente la historia de Cristo. Inspirados por el pasado y llamados a formar el futuro. La voz de los menores. Supermission. Dirigentes juveniles. Un poco de humor-entre nosotros. | |
| 526 | _aSEG42 | ||
| 526 | _aSEG41 | ||
| 526 | _aSEG40 | ||
| 526 | _aSEG39 | ||
| 526 | _aP94 | ||
| 526 | _aP87 | ||
| 526 | _aP86 | ||
| 526 | _aP85 | ||
| 526 | _aP77 | ||
| 526 | _aP76 | ||
| 526 | _aP35 | ||
| 611 |
_aSimposio Internacional de Ministerio Juvenil Salvación y servicio "Compartiendo a Jesús" _n3º. _d2001 _cMontemorelos, México. |
||
| 650 | 0 | 4 |
_aEvangelismo juvenil _xMetodología. |
| 942 |
_2ddc _cBOOK |
||
| 949 |
_a286.732 I35S _wDEWEY _c1 _i51960 _lCCODEBUL1 _mBUL _p8.00 _r0 _sY _tBOOK _u2015-06-24 _xTEOLOGIA _PP35 _0COMPRA _o.STAFF. Colección General |
||
| 596 | _a1 | ||
| 999 |
_a286.732 I35S _wDEWEY _c33707 _i51960 _d33707 _e2018-10-24 _f2021-11-11 _g6 _lCCODEBUL1 _mBUL _n1 _p8.00 _r0 _sY _tBOOK _u2015-6-24 _xTEOLOGIA _PP35 _0COMPRA _o.STAFF. Colección General |
||
| 980 |
_81 _gALBERTO SANCHEZ Responsable de Automatización |
||